Logan's Island /

Saved in:
Bibliografiske detaljer
Hovedforfatter: Wibberley, Mary
Format: Bog
Sprog:English
Udgivet: London : Mills & Boon, 1974.
LEADER 00761nam a2200217 a 4500
001 c000271309
003 CARM
005 20070907135823.0
008 070907s1974 enk 000 1 eng d
019 1 |a 50073986  |5 LACONCORD2021 
020 |z 0263716048 (Verso t.p.) 
020 |a 026371604X (pbk. : cover) 
035 |a (OCoLC)6740321  |5 LACONCORD2021 
040 |a VCAV  |b eng  |c VCAV 
100 1 |a Wibberley, Mary. 
245 1 0 |a Logan's Island /  |c by Mary Wibberley. 
260 |a London :  |b Mills & Boon,  |c 1974. 
300 |a 187 p. 
852 8 |b CARM  |h A1:AM27A0  |i A04823  |p 0388762  |f BK 
999 f f |i 51ce2637-c896-50df-882c-6df20450196f  |s 90b66fa4-ecc1-59a0-a7a5-5eac8e691a9a 
952 f f |p Can circulate  |a CAVAL  |b CAVAL  |c CAVAL  |d CARM 1 Store  |e A04823  |f A1:AM27A0  |h Other scheme  |i book  |m 0388762